000 00489nam a22001817a 4500
005 20251108165842.0
008 250721s1991 xx 000 0 ara d
082 1 4 _a133.9/غوش
100 1 _aغوش، قيس
245 1 0 _aالتقمص أهو حقيقة أم خيال /
264 1 _aطرابلس (لبنان) :
_bجروس برس،
_c1991.
300 _a272ص
650 1 7 _aالأرواح
650 1 7 _aالوفاة
650 1 7 _aالتقمص
942 _2ddc
_cBK
999 _c32971
_d32971